Jak vystupovat na veřejnosti a získávat důvěru posluchačů
Guardado en:
| Autor principal: | |
|---|---|
| Otros Autores: | |
| Formato: | Libro |
| Lenguaje: | checo |
| Publicado: |
Praha
Management Press
1994
|
| Edición: | 1. vyd. |
| Materias: | |
| Etiquetas: |
Sin Etiquetas, Sea el primero en etiquetar este registro!
|
MARC
| LEADER | 00000nam a2200000 4500 | ||
|---|---|---|---|
| 001 | c009425 | ||
| 005 | 20221205140707.9 | ||
| 020 | |a 80-85603-69-1 | ||
| 041 | 0 | |a cze | |
| 044 | |a CZ | ||
| 245 | 1 | 0 | |a Jak vystupovat na veřejnosti a získávat důvěru posluchačů |c Christine Harvey ; [Z angl. prel.] Daria Dvořáková |
| 250 | |a 1. vyd. | ||
| 264 | 1 | |a Praha |b Management Press |c 1994 | |
| 300 | |a 150 s. | ||
| 610 | 2 | 0 | |a psychológia |
| 610 | 2 | 0 | |a komunikácia |
| 610 | 2 | 0 | |a práca s ľuďmi |
| 610 | 2 | 0 | |a práca s verejnosťou |
| 100 | 1 | |a Harvey, Christine | |
| 700 | 1 | |a Dvořáková, Daria | |